| 000 | 00507nam a2200193 a 4500 | ||
|---|---|---|---|
| 001 | 1246 | ||
| 005 | 20140414131923.0 | ||
| 008 | 041111s19uu xx 00 eng d | ||
| 020 | _a0-307-12260-3 | ||
| 050 |
_aER _bW72 1981 |
||
| 245 |
_aWinnie the Pooh : _ball year long. |
||
| 260 |
_aNew York : _bA Golden Book, _c1981. |
||
| 300 | _a1 v. p, : ill. ; cm. | ||
| 440 | _aA golden sturdy shape book | ||
| 650 |
_aWeather _xFiction. |
||
| 650 | _aChildren stories. | ||
| 999 |
_c111841 _d111841 |
||